Rozpoznaj Polskie miasto po jednej podpowiedzi - Statystyki

Ogólne statystyki
  • Ten quiz został rozwiązany 152 razy
  • Średni wynik to 9 z 10
Statystyki odpowiedzi
Podpowiedź Miasto % Poprawnych
Pierwsza stolica Polski Gniezno
100%
Znajdują się w niej Sukiennice i Zamek na Wawelu Kraków
99%
Obecna stolica Polski Warszawa
99%
Kojarzy się z piernikami i z astronomią Toruń
97%
Sławne turystyczne miasto w Tatrach Zakopane
97%
Największe miasto nad morzem Gdańsk
96%
Znajduje się w niej klasztor na Jasnejgórze Częstochowa
92%
Dawna stolica Państwa Krzyżackiego Malbork
84%
Jest w Polskim Hymnie Poznań
83%
,,Biegun Zimna" Suwałki
78%
Nie znaleziono quizów pasujących do podanych kryteriów
Rozkład punktacji
Procent ludzi z każdym wynikiem
Percentyl według liczby udzielonych odpowiedzi
Twoja historia wyników
Nie rozwiązałeś tego quizu